000 00600nam a2200169 i 4500
001 61869
003 ES-MaACL
005 20230906164547.0
007 t|
008 031114s1946 sp ||||1| spa d
100 1 _aFairén Guillén, Víctor.
_948657
245 1 3 _aEl fuero del señorío de Vizcaya en lo civil durante los siglos XVIII y XIX /
_cVíctor Fairen Guillén.
260 _aMadrid :
_bInstituto Editorial Reus,
_c1946.
300 _a32 p. ;
_c25 cm.
500 _aEs separata de: Revista general de legislación y jurisprudencia. Marzo de 1946.
852 _aES-MaACL
_j1860-F-24
_bR.23494
999 _c61869
_d61869